Gestión empresarial ISO9001:2000 en los servicios: guía para su aplicación en los despachos profesionales (Registro nro. 4625)

Detalles MARC
000 -Cabecera
Campo de control de longitud fija 01281aam a2200421 4500
005 - Fecha y hora de la última transacción
Campo de control 20251124124412.0
008 - Elementos de longitud fija--Información general
Campo de control de longitud fija 150415b2001 xxu||||| |||| 00| 0 spa d
020 ## - International Standard Book Number
Número Internacional Estándar del Libro (ISBN) 8482353683
041 ## - Idioma
Código de idioma Español
082 ## - Clasificación Decimal Dewey
Número de clasificación 658.562 C579g
100 ## - Entrada principal--Autor personal
Nombre personal Costa Estany, Josep
9 (RLIN) 33720
245 ## - Título propiamente dicho
Título Gestión empresarial ISO9001:2000 en los servicios: guía para su aplicación en los despachos profesionales
260 ## - Pie de imprenta
Lugar de publicación, distribución, etc. España
260 ## - Pie de imprenta
Fecha de publicación, distribución, etc. 2001
260 ## - Pie de imprenta
Nombre del editor, distribuidor, etc. CISSPRAXIS
300 ## - Descripción física
Extensión 103 páginas
490 ## - Serie
Título de la Serie Dirección y Administración de Empresas
500 ## - Nota general
Nota general Parte I. La gestión de calidad<br/>Parte II. La norma ISO9001:2000
650 ## - Materia general
Temática (materia general) CONTROL DE CALIDAD
650 ## - Materia general
Temática (materia general) NORMA ISO9001-2000
650 ## - Materia general
Temática (materia general) LENGUAJE IDEFF0
650 ## - Materia general
Temática (materia general) NORMA ISO5807
650 ## - Materia general
Temática (materia general) GESTIÓN POR PROCESOS
650 ## - Materia general
Temática (materia general) SATISFACCIÓN DEL CLIENTE
650 ## - Materia general
Temática (materia general) EL EQUIPO HUMANO
650 ## - Materia general
Temática (materia general) MODELO DE GESTIÓN
650 ## - Materia general
Temática (materia general) RESPONSABILIDAD DE LA DIRECCIÓN
650 ## - Materia general
Temática (materia general) POLÍTICA DE CALIDAD
650 ## - Materia general
Temática (materia general) JAPÓN
650 ## - Materia general
Temática (materia general) MEDICIÓN
650 ## - Materia general
Temática (materia general) ANÁLISIS
650 ## - Materia general
Temática (materia general) GESTIÓN DE CALIDAD
650 ## - Materia general
Temática (materia general) PLAN DE CALIDAD
650 ## - Materia general
Temática (materia general) GESTIÓN DE LOS RECURSOS
650 ## - Materia general
Temática (materia general) REALIZACIÓN DEL PRODUCTO
650 ## - Materia general
Temática (materia general) MEDICIÓN, ANÁLISIS Y MEJORA
942 ## - Punto de acceso adicional KOHA
Tipo de ítem KOHA Libro
Fuente del sistema de clasificación o colocación Dewey Decimal Classification
Existencias
Signatura completa Código de barras Programa Académico Tipo de ítem
658.562 C579g 8978 Dirección y Administración de Empresas Libro